000
00228nam a2200097Ia 4500
001
690190
005
20250826161811.0
008
250824s9999 xx 000 0 und d
245
0
_a
SANIK
_c
JOHN GRISHAM
260
_b
REMZİ KİTABEVİ
999
_c
690190
_d
690190